Una meditacin̤ sobre la justicia en ±Don Quijote de la Mancha»

Bibliographic Details
Main Author: Pineda Rivera, Diego Antonio
Format: eBook
Language:Spanish
Published: Bogot:̀ Pontificia Universidad Javeriana, 2017
Subjects:
Online Access:Acceso restringido

MARC

LEADER 00000nam a22000007a 4500
005 20201223113010.0
007 cr|||| ||||
008 201223s2017 co |||||s|||| 00||0 spa d
020 |a 978-985-716-083-3 
035 |a 32405 
040 |a vLex 
090 |c 11016  |d 11016 
100 1 |a Pineda Rivera, Diego Antonio 
245 1 0 |a Una meditacin̤ sobre la justicia en ±Don Quijote de la Mancha»  |h [Recurso electrn̤ico] /  |c Diego Antonio Pineda Rivera 
256 |a Servicio en ln̕ea 
260 |a Bogot:̀  |b Pontificia Universidad Javeriana,  |c 2017 
300 |a 1 recurso electrn̤ico 
500 |a A partir de una lectura filosf̤ica de Don Quijote de la Mancha, el autor propone acompaąr al lector a travš de una meditacin̤ sobre el concepto de justicia en las pg̀inas de Cervantes. Ideas relacionadas, como la equidad, la misericordia, la ponderacin̤, as ̕como la justicia legal, la verdad y la reparacin̤, se exponen en un dil̀ogo entre las ln̕eas de Don Quijote a la luz de discusiones actuales, en particular, con el Acuerdo final para la terminacin̤ del conflicto y la construccin̤ de una paz duradera y estable. El autor pondera los aportes de Cervantes como vitales para entender y apropiar formas particulares de impartir justicia, en una apertura filosf̤ica del pensamiento cervantino. 
506 1 |a Disponible solo en los productos indicados  |d vLex Global  |d vLex Global (Academic Edition, excluding Law Schools)  |d vLex Global (U.S. Academic Edition, Law Schools)  |d vLex Global (U.S. Academic Edition, excluding Law Schools)  |d vLex Global (Academic Edition, Law Schools) 
650 0 4 |a Sociologa̕  |z Colombia 
650 0 4 |a Ciencia polt̕ica  |z Colombia 
650 0 4 |a Filosofa̕ y religin̤  |z Colombia 
740 0 |a vLex Libros (Servicio en ln̕ea) 
856 4 0 |u http://vlex.com/source/meditacion-sobre-la-justicia-en-don-quijote-de-la-mancha--32405  |z Acceso restringido 
942 |c BOOK 
999 0 |a Sociology 
999 0 |a Political science 
999 0 |a Philosophy and religion